[Event "Homenaje al tigre de mdras"]
[Site "SchemingMind.com"]
[Date "2009.01.26"]
[Round "-"]
[White "cnbcad"]
[Black "Joe Daudish"]
[Result "0-1"]
[WhiteCountry "USA"]
[BlackCountry "USA"]
[WhiteElo "1632"]
[WhiteRD "58"]
[BlackElo "1734"]
[BlackRD "47"]
[GameID "189181"]

1. e4 e6 2. d4 d5 3. e5 Ne7 4. Nf3 Ng6 5. b3 Be7 6. a4 c5 7. Ba3 cxd4 8. Bxe7 Qxe7 9. Qxd4 Nc6 10. Qg4 O-O
11. Bd3 Ncxe5 12. Nxe5 Nxe5 13. Qh3 Ng6 14. O-O e5 15. Bf5 Bxf5 16. Qxf5 Qf6 17. Qd7 Qc6 18. Qxc6 bxc6 19. Nc3 Rfe8 20. g3 f6
21. Kg2 a6 22. Rad1 Kf7 23. b4 Rab8 24. b5 axb5 25. axb5 Rec8 26. bxc6 d4 27. Ra1 dxc3 28. Ra7+ Ne7 29. c7 Rb5 30. Rd1 Rd5
31. Rb1 Rc5 32. f4 exf4 33. gxf4 R5xc7 34. Ra3 Rc4 35. Re1 Rxf4 36. Ra7 Re8 37. Re3 Rc4 38. Kg3 Kf8 39. Rf3 Ng6 40. Ra3 Rec8
41. Kf2 Ne5 42. Rh3 h6 43. Ke2 Kf7 44. Ra7+ R8c7 45. Ra8 Rd4 46. Ra2 Rd2+ 47. Ke1 Ng4 48. Rxc3 Rxc3 49. Kxd2 Rh3 50. Ra7+ Kg6
51. Ra1 Rxh2+ 52. Kc3 Ne5 53. Rg1+ Kf7 54. Kb3 Rd2 55. c4 Nxc4 56. Kxc4 g5 57. Rh1 Kg6 58. Ra1 h5 59. Ra8 h4 60. Rg8+ Kf5
61. Ra8 Kg4 62. Kc3 Rd7 63. Ra4+ Kf5 64. Ra5+ Ke4 65. Ra4+ Kf3 66. Ra6 f5
0-1

[Event "Homenaje al tigre de mdras"]
[Site "SchemingMind.com"]
[Date "2009.01.27"]
[Round "-"]
[White "fouche"]
[Black "Joe Daudish"]
[Result "0-1"]
[WhiteCountry "COL"]
[BlackCountry "USA"]
[WhiteElo "1525"]
[WhiteRD "51"]
[BlackElo "1720"]
[BlackRD "45"]
[GameID "189182"]

1. d4 d5 2. c4 e6 3. Nc3 Nf6 4. Bg5 Be7 5. Nf3 h6 6. Bh4 O-O 7. e3 b6 8. Bd3 dxc4 9. Bxc4 Bb7 10. O-O Nbd7
11. Rc1 c5 12. Qe2 cxd4 13. Nxd4 Ne5 14. Bb3 Ng6 15. Bg3 Bd6 16. Bxd6 Qxd6 17. Rfd1 Qe7 18. a3 Nh4 19. f3 Ng6 20. Kf2 Rac8
21. Ncb5 Ba6 22. a4 Rxc1 23. Rxc1 Ne5 24. Qe1 Nd3+
0-1

[Event "Homenaje al tigre de mdras"]
[Site "SchemingMind.com"]
[Date "2009.01.27"]
[Round "-"]
[White "Clive Everill"]
[Black "Joe Daudish"]
[Result "0-1"]
[WhiteCountry "CZE"]
[BlackCountry "USA"]
[WhiteElo "1635"]
[WhiteRD "52"]
[BlackElo "1698"]
[BlackRD "45"]
[GameID "189183"]

1. e4 e6 2. Bb5 c6 3. Ba4 b5 4. Bb3 d5 5. exd5 cxd5 6. d4 Nf6 7. Bg5 Be7 8. Nf3 h6 9. Bh4 O-O 10. O-O a5
11. a4 Bd7 12. Ne5 b4 13. c4 dxc4 14. Bxc4 Nc6 15. f4 Nxe5 16. fxe5 Nd5 17. Bxe7 Qxe7 18. Qd3 Qg5 19. Bxd5 exd5 20. Nd2 Rfc8
21. Nf3 Qe7 22. Rac1 Be6 23. Rc2 Rxc2 24. Qxc2 Rc8 25. Qd3 Qc7 26. Nh4 Qc2 27. Qa6 Qxb2 28. Nf3 Rc1 29. Rxc1 Qxc1+ 30. Kf2 Qc2+
31. Kg3 Qxa4 32. Qa8+ Kh7 33. h4 b3 34. Qb8 Qb4 35. Qc7 b2 36. Qc2+ g6 37. Qb1 Bf5
0-1

[Event "Homenaje al tigre de mdras"]
[Site "SchemingMind.com"]
[Date "2009.01.28"]
[Round "-"]
[White "aadaam"]
[Black "Joe Daudish"]
[Result "1-0"]
[WhiteCountry "INT"]
[BlackCountry "USA"]
[WhiteElo "1753"]
[WhiteRD "46"]
[BlackElo "1720"]
[BlackRD "45"]
[GameID "189184"]

1. e4 e6 2. d4 d5 3. Nc3 Ne7 4. Bd3 dxe4 5. Nxe4 Ng6 6. Nf3 Be7 7. Bg5 Nd7 8. Qd2 Bxg5 9. Nexg5 Nf6 10. O-O-O O-O
11. Ne5 Qxd4 12. Nexf7 Rxf7 13. Nxf7 Kxf7 14. Bxg6+
1-0

[Event "Homenaje al tigre de mdras"]
[Site "SchemingMind.com"]
[Date "2009.01.26"]
[Round "-"]
[White "Milan"]
[Black "loco61"]
[Result "1-0"]
[WhiteCountry "CZE"]
[BlackCountry "ENG"]
[WhiteElo "1780"]
[WhiteRD "60"]
[BlackElo "1627"]
[BlackRD "62"]
[GameID "189283"]

1. d4 d5 2. Nf3 Nc6 3. e3 Bf5 4. c4 e6 5. Qb3 b6 6. cxd5 exd5 7. Nc3 Nf6 8. Bb5 Bd7 9. Nxd5 Nxd5 10. Qxd5 Nb4
11. Bxd7+ Qxd7 12. Qxa8+ Qd8 13. Qxd8+ Kxd8 14. Kd2 Bd6 15. a3
1-0

[Event "Homenaje al tigre de mdras"]
[Site "SchemingMind.com"]
[Date "2009.01.27"]
[Round "-"]
[White "Milan"]
[Black "cnbcad"]
[Result "1-0"]
[WhiteCountry "CZE"]
[BlackCountry "USA"]
[WhiteElo "1819"]
[WhiteRD "62"]
[BlackElo "1613"]
[BlackRD "54"]
[GameID "189284"]

1. d4 d5 2. Nf3 Nc6 3. e3 g6 4. c4 Nf6 5. Nc3 Bg7 6. cxd5 Nxd5 7. Bb5 O-O 8. O-O a6 9. Bxc6 bxc6 10. Nxd5 cxd5
11. Bd2 c6 12. Rc1 Bb7 13. Bb4 a5 14. Bc5 Re8 15. Qb3 Ba6 16. Rfe1 Bc4 17. Qa4 e6 18. Nd2 Bb5 19. Qc2 a4 20. Nb1 Bf8
21. Bxf8 Rxf8 22. Na3 Rc8 23. Qc5 Bd3 24. Rc3 Bf5 25. Rec1 Re8 26. Nb5 Re7 27. Nd6 Rcc7 28. Nxf5 gxf5 29. Qa5 Re8 30. Qxa4 Kh8
31. Rxc6 Rxc6 32. Qxc6 Qb8 33. b3 Rg8 34. Qc7 Qa8 35. Rc2 Qa6 36. Qxf7 Qd3 37. Qf6+ Rg7 38. Rc8#
1-0

[Event "Homenaje al tigre de mdras"]
[Site "SchemingMind.com"]
[Date "2009.01.27"]
[Round "-"]
[White "Milan"]
[Black "fouche"]
[Result "1-0"]
[WhiteCountry "CZE"]
[BlackCountry "COL"]
[WhiteElo "1780"]
[WhiteRD "60"]
[BlackElo "1525"]
[BlackRD "51"]
[GameID "189285"]

1. d4 Nf6 2. Nf3 e6 3. e3 Nc6 4. c3 b6 5. Bd3 Bb7 6. O-O Be7 7. Nbd2 O-O 8. e4 d5 9. e5 Ne4 10. Nxe4 dxe4
11. Bxe4 g6 12. Re1 Re8 13. Qc2 Bf8 14. Bg5 Be7 15. Bxe7 Qxe7 16. Rad1 Rab8 17. h4 Na5 18. Bxb7 Nxb7 19. g3 Red8 20. Ng5 h6
21. Ne4 f5 22. Nf6+ Kg7 23. Qe2 c5 24. g4 Na5 25. gxf5 exf5 26. Kh2 Qc7 27. Rg1 Rf8 28. f4 cxd4 29. Rxd4 Rbd8 30. h5 g5
31. fxg5 hxg5 32. Rxg5+ Kh8 33. h6 Rxd4 34. cxd4 Rxf6 35. Qh5 Qc2+ 36. Rg2 Qe4 37. Qe8+ Kh7 38. Qe7+
1-0

[Event "Homenaje al tigre de mdras"]
[Site "SchemingMind.com"]
[Date "2009.01.27"]
[Round "-"]
[White "Milan"]
[Black "Clive Everill"]
[Result "1/2-1/2"]
[WhiteCountry "CZE"]
[BlackCountry "CZE"]
[WhiteElo "1780"]
[WhiteRD "60"]
[BlackElo "1648"]
[BlackRD "49"]
[GameID "189286"]

1. d4 f5 2. e4 d6 3. Nc3 Nf6 4. exf5 Bxf5 5. Bd3 Bd7 6. Nf3 g6 7. O-O Bg7 8. Ne4 O-O 9. c3 Bg4 10. h3 Bd7
11. Be3 Qc8 12. Kh2 Nh5 13. Bc4+ Kh8 14. Nfg5 e6 15. Bb3 b6 16. Ng3 Nf6 17. N3e4 Nh5 18. Ng3 Nf4 19. Ne2 Nxe2 20. Qxe2 e5
21. Nf7+ Rxf7 22. Bxf7 Be6 23. Bxe6 Qxe6 24. dxe5 Bxe5+ 25. Kg1 Nd7 26. Rfe1 Qf6 27. Qd2 Rf8 28. Re2 Qf7 29. Bd4 Bxd4 30. Qxd4+ Kg8
31. Rae1 Ne5 32. f3 Qf5 33. Rxe5 dxe5 34. Qxe5 Qxe5 35. Rxe5 Rf7 36. Kf2 Rd7 37. Ke2 c5 38. c4 Kf7 39. f4 Rd4 40. b3=
1/2-1/2

[Event "Homenaje al tigre de mdras"]
[Site "SchemingMind.com"]
[Date "2009.01.27"]
[Round "-"]
[White "Milan"]
[Black "Joe Daudish"]
[Result "1/2-1/2"]
[WhiteCountry "CZE"]
[BlackCountry "USA"]
[WhiteElo "1780"]
[WhiteRD "60"]
[BlackElo "1720"]
[BlackRD "45"]
[GameID "189287"]

1. d4 d5 2. Nf3 e6 3. e3 Nf6 4. Bd3 Be7 5. O-O c5 6. c3 Nc6 7. Nbd2 b6 8. dxc5 Bxc5 9. e4 Bb7 10. Qe2 dxe4
11. Nxe4 Nxe4 12. Bxe4 O-O 13. Bxh7+ Kxh7 14. Ng5+ Kg6 15. Qe4+ Kf6 16. Nh7+ Ke7 17. Nxf8 Qxf8 18. Rd1 a5 19. a3 Rd8 20. Be3 Ke8
21. Rxd8+ Nxd8 22. Qd3 Bxe3 23. Qxe3 Qc5 24. Qxc5 bxc5 25. Rd1 Ke7 26. f3 Bd5=
1/2-1/2

[Event "Homenaje al tigre de mdras"]
[Site "SchemingMind.com"]
[Date "2009.01.27"]
[Round "-"]
[White "Milan"]
[Black "aadaam"]
[Result "1/2-1/2"]
[WhiteCountry "CZE"]
[BlackCountry "INT"]
[WhiteElo "1780"]
[WhiteRD "60"]
[BlackElo "1753"]
[BlackRD "46"]
[GameID "189288"]

1. d4 e6 2. f3 d5 3. g3 c5 4. e3 Nf6 5. Bg2 Be7 6. Ne2 Nc6 7. O-O O-O 8. dxc5 Bxc5 9. Kh1 Qb6 10. e4 Bd7
11. exd5 Nxd5 12. Nbc3 Ne3 13. Bxe3 Bxe3 14. Qd3 Bg5 15. f4 Be7 16. Rab1 Rad8 17. Qb5 Qxb5 18. Nxb5 Nb4 19. Nbc3 Bc6 20. Bxc6 Nxc6
21. Rbd1 Bf6 22. a3 Nd4 23. Nxd4 Bxd4 24. Rd3 Bxc3 25. bxc3 f6 26. Rfd1 Rxd3 27. cxd3 Rc8 28. Rc1=
1/2-1/2

[Event "Homenaje al tigre de mdras"]
[Site "SchemingMind.com"]
[Date "2009.01.27"]
[Round "-"]
[White "loco61"]
[Black "Milan"]
[Result "1/2-1/2"]
[WhiteCountry "ENG"]
[BlackCountry "CZE"]
[WhiteElo "1627"]
[WhiteRD "62"]
[BlackElo "1780"]
[BlackRD "60"]
[GameID "189289"]

1. e4 c6 2. Nf3 d5 3. exd5 cxd5 4. Bb5+ Bd7 5. Nc3 Bxb5 6. Nxb5 a6 7. Nbd4 e6 8. d3 Nf6 9. Bg5 h6 10. Bh4 Be7
11. Qd2 Nh5 12. Bxe7 Qxe7 13. g4 Nf6 14. h3 O-O 15. g5 hxg5 16. Nxg5 Nh7 17. Rg1 Nxg5 18. Rxg5 Qf6 19. c3 Qh6 20. Qe3 Nc6
21. Nxc6 bxc6 22. Kd2 f6 23. Rg3 Qxe3+ 24. Kxe3 c5 25. Rag1 Ra7 26. h4 Kh7 27. h5 Rg8 28. Rg6 Rb7 29. h6 Rc7 30. b3 Rb7
31. f4 a5 32. c4 dxc4 33. dxc4 Rd7 34. R6g2 g6 35. Rh2 Rgd8=
1/2-1/2

[Event "Homenaje al tigre de mdras"]
[Site "SchemingMind.com"]
[Date "2009.01.27"]
[Round "-"]
[White "cnbcad"]
[Black "Milan"]
[Result "0-1"]
[WhiteCountry "USA"]
[BlackCountry "CZE"]
[WhiteElo "1613"]
[WhiteRD "54"]
[BlackElo "1819"]
[BlackRD "62"]
[GameID "189290"]

1. e4 c6 2. d4 d5 3. e5 Bf5 4. h3 h5 5. b3 e6 6. Nc3 Nd7 7. Bb2 c5 8. dxc5 Nxc5 9. Bb5+ Nd7 10. Qd2 a6
11. Bd3 Bxd3 12. Qxd3 Nxe5 13. Qd4 Nc6 14. Qd2 Nf6 15. O-O-O Bb4 16. Qg5 Bf8 17. Nf3 Nd7 18. Qxd8+ Rxd8 19. Rhe1 Nf6 20. Na4 b5
21. Nb6 Bc5 22. Bxf6 gxf6 23. Nxd5 Bxf2 24. Re2 Bc5 25. Nxf6+ Ke7 26. Nd5+ Kf8 27. Ne5 Nxe5 28. Rxe5 Rxd5 29. Rexd5 exd5 30. Rxd5 Be3+
31. Kd1 Kg7 32. Rd6 Rh6 33. Rd3 Re6 34. Rd5 h4 35. Rf5 Kg6 36. Rd5 Bf4 37. Rd3 Rd6 38. Ke2= Rxd3 39. Kxd3 b4 40. c3 bxc3
41. Kxc3 Kf5 42. Kd4 Bd2 43. Kd3 Bg5 44. Kd4 Kf4 45. Kd5 Kg3 46. Ke4 Kxg2 47. Kf5 Kxh3 48. Kxg5 Kg3
0-1

[Event "Homenaje al tigre de mdras"]
[Site "SchemingMind.com"]
[Date "2009.01.27"]
[Round "-"]
[White "fouche"]
[Black "Milan"]
[Result "0-1"]
[WhiteCountry "COL"]
[BlackCountry "CZE"]
[WhiteElo "1571"]
[WhiteRD "53"]
[BlackElo "1819"]
[BlackRD "62"]
[GameID "189291"]

1. d4 d5 2. c4 c6 3. Nc3 Nf6 4. Nf3 a6 5. Bg5 Ne4 6. Bh4 Nxc3 7. bxc3 dxc4 8. e3 b5 9. Be2 Nd7 10. O-O Nf6
11. a4 Bb7 12. axb5 axb5 13. Bxf6 exf6 14. Qc2 Bd6 15. Qe4+ Qe7 16. Qg4 O-O 17. Nh4 Qe6 18. Nf5 g6 19. Nh6+ Kg7 20. Qh4 Qd5
21. Ng4 Qg5 22. Qxg5 fxg5 23. h3 Rxa1 24. Rxa1 Ra8 25. Rxa8 Bxa8 26. e4 h5 27. Ne3 c5 28. e5 Be7 29. d5 Bd8 30. Kf1 Bb7
31. Bf3 Ba5 32. Nd1 b4 33. Ke2 g4 34. hxg4 hxg4 35. Be4 f5 36. exf6+ Kxf6 37. Ke3 g5 38. cxb4 cxb4 39. Kd4 Ba6 40. Kc5 Ke5
41. Bh7 b3 42. Ne3 c3 43. Bb1 c2 44. Nxc2 bxc2 45. Bxc2 Be1 46. Kc6 Bxf2 47. d6 Be1 48. d7 Ba5 49. Ba4 Ke6 50. Bd1 g3
51. Bg4+ Ke7 52. Bf5 Kd8 53. Bg4 Bf1 54. Bf3 g4 55. Be4 Be2 56. Bf5 Bf3+ 57. Kd6 Bxg2 58. Bxg4 Bf1
0-1

[Event "Homenaje al tigre de mdras"]
[Site "SchemingMind.com"]
[Date "2009.01.27"]
[Round "-"]
[White "Clive Everill"]
[Black "Milan"]
[Result "1/2-1/2"]
[WhiteCountry "CZE"]
[BlackCountry "CZE"]
[WhiteElo "1648"]
[WhiteRD "49"]
[BlackElo "1780"]
[BlackRD "60"]
[GameID "189292"]

1. e4 c6 2. d4 d5 3. Nc3 dxe4 4. Nxe4 Bf5 5. Ng3 Bg6 6. h4 h6 7. h5 Bh7 8. Nf3 e6 9. Bf4 Bd6 10. Bxd6 Qxd6
11. Bd3 Bxd3 12. Qxd3 Nd7 13. O-O-O Ngf6 14. Rhe1 O-O-O 15. Ne5 Nxe5 16. dxe5 Qxd3 17. Rxd3 Rxd3 18. cxd3 Nd5 19. Re4 Kd7 20. Ne2 a5
21. a3 f5 22. exf6 Nxf6 23. Rh4 e5 24. f4 Re8 25. fxe5 Rxe5 26. Nf4 Rg5 27. Kc2 Nd5 28. Nxd5 Rxg2+ 29. Kc3 cxd5 30. b4 axb4+
31. axb4 Kc6 32. Kd4 Rg5 33. Kc3 Kb5 34. Kb3 b6 35. Kc3 Ka4 36. Rh2 Kb5 37. Rh4 g6 38. hxg6 Rxg6 39. Rh5 Kc6 40. Kd4 Rg4+
41. Kc3 Rg6=
1/2-1/2

[Event "Homenaje al tigre de mdras"]
[Site "SchemingMind.com"]
[Date "2009.01.27"]
[Round "-"]
[White "Joe Daudish"]
[Black "Milan"]
[Result "0-1"]
[WhiteCountry "USA"]
[BlackCountry "CZE"]
[WhiteElo "1720"]
[WhiteRD "45"]
[BlackElo "1780"]
[BlackRD "60"]
[GameID "189293"]

1. d4 d5 2. Nf3 c6 3. Bf4 Nf6 4. h3 e6 5. e3 Bd6 6. Bxd6 Qxd6 7. c3 Nbd7 8. Be2 e5 9. dxe5 Nxe5 10. Nbd2 Nxf3+
11. Nxf3 O-O 12. O-O Re8 13. Qc2 h6 14. Rfe1 a5 15. a3 b6 16. Rad1 Qc7 17. c4 dxc4 18. Bxc4 Ba6 19. Rd2 Bxc4 20. Qxc4 Rad8
21. Red1 Rxd2 22. Rxd2 c5 23. b4 Rc8 24. bxa5 bxa5 25. Rc2 Rb8 26. g3 Rc8 27. Nd4 Qd7 28. Nb3 Qxh3 29. Nxa5 Qh5 30. Nb3 Qd1+
31. Kg2 Qh5 32. Qh4 Qd5+ 33. f3 Qxb3 34. Qc4 Qxa3 35. e4 Nd7 36. Qb5 Ne5 37. Qe2 Qd3 38. Qxd3 Nxd3 39. Kf1 c4 40. Ke2 Ne5
41. Rc3 g5 42. Ke3 Kg7 43. Kd4 f6 44. f4 gxf4 45. gxf4 Ng6 46. Rg3 Kf7 47. f5 Ne5 48. Rh3 Rd8+ 49. Kc3 Rd3+ 50. Rxd3 cxd3
51. Kd2 h5
0-1

[Event "Homenaje al tigre de mdras"]
[Site "SchemingMind.com"]
[Date "2009.01.27"]
[Round "-"]
[White "aadaam"]
[Black "Milan"]
[Result "1-0"]
[WhiteCountry "INT"]
[BlackCountry "CZE"]
[WhiteElo "1753"]
[WhiteRD "46"]
[BlackElo "1780"]
[BlackRD "60"]
[GameID "189294"]

1. e4 c6 2. d4 d5 3. e5 Bf5 4. Be3 e6 5. c3 Nd7 6. h4 h5 7. Bd3 Bxd3 8. Qxd3 Be7 9. Nd2 Bxh4 10. Ngf3 Be7
11. g4 h4 12. O-O-O c5 13. g5 g6 14. Rdg1 cxd4 15. cxd4 Rc8+ 16. Kb1 h3 17. Rg3 Nb6 18. Rgxh3 Rxh3 19. Rxh3 Nc4 20. Rh8 Kd7
21. Nxc4 dxc4 22. Qc2 Qc7 23. Rh7 Rf8 24. Nd2 b5 25. a4 a6 26. axb5 axb5 27. Ne4 Qa5 28. b3 Ra8 29. Qb2 Qe1+ 30. Kc2 Qxe3
31. fxe3
1-0

[Event "Homenaje al tigre de mdras"]
[Site "SchemingMind.com"]
[Date "2009.02.01"]
[Round "-"]
[White "mikewharvey"]
[Black "loco61"]
[Result "1-0"]
[WhiteCountry "GBR"]
[BlackCountry "ENG"]
[WhiteElo "1909"]
[WhiteRD "81"]
[BlackElo "1581"]
[BlackRD "67"]
[GameID "189812"]

1. c4 e5 2. Nf3 Nc6 3. Nc3 Bb4 4. Nd5 Bc5 5. a3 Nf6 6. Nxf6+ Qxf6 7. e4 a6 8. Qc2 Nd4 9. Nxd4 Bxd4 10. d3 d6
11. f3 g5 12. Qe2 Bd7 13. Be3 Bxe3 14. Qxe3 h5 15. h3 c5 16. b4 b6 17. Be2 Ke7= 18. O-O g4 19. fxg4 Qh6 20. Qxh6 Rxh6
21. gxh5 Rg8 22. g4 Rxh5 23. Kg2 Rh7 24. Rab1 b5 25. bxc5 dxc5 26. Rf2 f6 27. Kg3 Ke6 28. Rbf1 Rh6 29. Bd1 Rgh8 30. Rh1 Rh4=
31. Rff1 Kf7 32. Bb3 Be6 33. Rc1 a5 34. Bd1 b4 35. axb4 axb4 36. Ra1 R4h7 37. Ra7+ Kg6 38. Ra6 Bd7 39. h4 Rb8 40. Bb3 Rc8
41. Rf1 Rc6 42. Ra8 Rc8 43. Ra6 Rc6= 44. h5+ Kg5 45. Rf5+ Bxf5 46. Rxc6 Bd7 47. Rc7 Rg7 48. Ba4
1-0

[Event "Homenaje al tigre de mdras"]
[Site "SchemingMind.com"]
[Date "2009.02.02"]
[Round "-"]
[White "mikewharvey"]
[Black "cnbcad"]
[Result "1-0"]
[WhiteCountry "GBR"]
[BlackCountry "USA"]
[WhiteElo "1861"]
[WhiteRD "80"]
[BlackElo "1613"]
[BlackRD "54"]
[GameID "189813"]

1. c4 Nf6 2. Nc3 e5 3. g3 Bc5 4. Bg2 d6 5. Nf3 Bf5 6. Nh4 Bxf2+ 7. Kxf2 Be6 8. Bxb7 Bh3 9. Bxa8 Ng4+ 10. Ke1 Qf6
11. Bf3 Nd7 12. Bxg4 O-O 13. Bxh3
1-0

[Event "Homenaje al tigre de mdras"]
[Site "SchemingMind.com"]
[Date "2009.02.01"]
[Round "-"]
[White "mikewharvey"]
[Black "fouche"]
[Result "1-0"]
[WhiteCountry "GBR"]
[BlackCountry "COL"]
[WhiteElo "1861"]
[WhiteRD "80"]
[BlackElo "1571"]
[BlackRD "53"]
[GameID "189814"]

1. c4 Nf6 2. Nc3 e6 3. d4 Bb4 4. e3 c5 5. Nf3 O-O 6. Bd3 cxd4 7. exd4 d5 8. O-O Bxc3 9. bxc3 Bd7 10. c5 Nc6
11. Bg5 a6 12. Ne5 h6 13. Bh4 g5 14. Bg3 Kg7 15. f4 Ne4 16. Bxe4 dxe4 17. fxg5 hxg5 18. Qh5 Nxe5 19. Bxe5+ f6 20. Qxg5+
1-0

[Event "Homenaje al tigre de mdras"]
[Site "SchemingMind.com"]
[Date "2009.01.31"]
[Round "-"]
[White "mikewharvey"]
[Black "Clive Everill"]
[Result "1-0"]
[WhiteCountry "GBR"]
[BlackCountry "CZE"]
[WhiteElo "1861"]
[WhiteRD "80"]
[BlackElo "1635"]
[BlackRD "52"]
[GameID "189815"]

1. c4 c6 2. e4 e5 3. d4 Bd6 4. Nf3 exd4 5. Qxd4 Qf6 6. e5 Qe6 7. c5 Bc7 8. Bc4 Qf5 9. O-O b5 10. Bb3 Ne7
11. Re1 O-O 12. Nc3 Bb7 13. Ne2 a5 14. Ng3 Qg6 15. Nh4 Bxe5 16. Rxe5 Qf6 17. Nh5 Qxe5 18. Qxe5
1-0

[Event "Homenaje al tigre de mdras"]
[Site "SchemingMind.com"]
[Date "2009.01.31"]
[Round "-"]
[White "mikewharvey"]
[Black "Joe Daudish"]
[Result "1-0"]
[WhiteCountry "GBR"]
[BlackCountry "USA"]
[WhiteElo "1861"]
[WhiteRD "80"]
[BlackElo "1698"]
[BlackRD "45"]
[GameID "189816"]

1. c4 e6 2. Nc3 Nf6 3. Nf3 d5 4. d4 Be7 5. Bg5 h6 6. Bh4 O-O 7. e3 b6 8. Rc1 Bb7 9. cxd5 Nxd5 10. Bxe7 Qxe7
11. Bd3 c6 12. O-O Nd7 13. a3 Nxc3 14. Rxc3 c5 15. Bb5 Rac8 16. Qa4 Rfd8 17. Be2 Ra8 18. Rfc1 Rdc8 19. Ba6 Rc7 20. Bxb7 Rxb7
21. Qc6 Rab8 22. Qe4 Rc7 23. dxc5 Rxc5 24. Rxc5 Nxc5 25. Qc4 a5 26. b4 axb4 27. axb4 Nb7 28. h3 Nd6 29. Qf4 Rb7 30. Rc6 Nf5
31. g4 Nh4 32. Nxh4 Qxh4 33. Rc8+
1-0

[Event "Homenaje al tigre de mdras"]
[Site "SchemingMind.com"]
[Date "2009.01.31"]
[Round "-"]
[White "mikewharvey"]
[Black "Milan"]
[Result "1-0"]
[WhiteCountry "GBR"]
[BlackCountry "CZE"]
[WhiteElo "1781"]
[WhiteRD "90"]
[BlackElo "1780"]
[BlackRD "60"]
[GameID "189817"]

1. c4 c5 2. Nf3 Nf6 3. Nc3 e6 4. g3 b6 5. Bg2 Bb7 6. O-O Be7 7. Re1 d6 8. e4 a6 9. d4 cxd4 10. Nxd4 O-O
11. e5 Bxg2 12. exf6
1-0

[Event "Homenaje al tigre de mdras"]
[Site "SchemingMind.com"]
[Date "2009.01.31"]
[Round "-"]
[White "mikewharvey"]
[Black "aadaam"]
[Result "1-0"]
[WhiteCountry "GBR"]
[BlackCountry "INT"]
[WhiteElo "1900"]
[WhiteRD "80"]
[BlackElo "1710"]
[BlackRD "50"]
[GameID "189818"]

1. c4 e6 2. Nc3 Nf6 3. d4 d5 4. Nf3 Be7 5. Bg5 O-O 6. e3 h6 7. Bh4 b6 8. Rc1 Bb7 9. cxd5 Nxd5 10. Bxe7 Qxe7
11. Bd3 c5 12. dxc5 Qxc5 13. O-O Nd7 14. Be4 Qa5 15. Qe1 N7f6 16. Nxd5 Bxd5 17. Qxa5 bxa5 18. Bxd5 Nxd5 19. b3 Rfc8 20. Rc4 Rxc4
21. bxc4 Nc3 22. h3 Nxa2 23. Ra1 Nb4= 24. Rxa5 Nc6 25. Rc5 Rc8 26. Nd4 Ne7 27. Rxc8+ Nxc8 28. Kf1 Kf8 29. Ke2 e5 30. Nf5 Ne7
31. Nd6 g6 32. c5 Nc6 33. Kd3 Ke7 34. Kc4 f5 35. Kd5 Kd7 36. Nf7 a5 37. Nxe5+
1-0

[Event "Homenaje al tigre de mdras"]
[Site "SchemingMind.com"]
[Date "2009.02.01"]
[Round "-"]
[White "loco61"]
[Black "mikewharvey"]
[Result "0-1"]
[WhiteCountry "ENG"]
[BlackCountry "GBR"]
[WhiteElo "1627"]
[WhiteRD "62"]
[BlackElo "1781"]
[BlackRD "90"]
[GameID "189819"]

1. e4 e6 2. d4 d5 3. e5 c5 4. c3 Nc6 5. Be3 Qb6 6. b3 cxd4 7. cxd4 Bb4+ 8. Bd2 Qxd4 9. Nf3 Qxa1 10. Bxb4 Nxb4
11. Nd4 Qxa2
0-1

[Event "Homenaje al tigre de mdras"]
[Site "SchemingMind.com"]
[Date "2009.02.02"]
[Round "-"]
[White "cnbcad"]
[Black "mikewharvey"]
[Result "0-1"]
[WhiteCountry "USA"]
[BlackCountry "GBR"]
[WhiteElo "1549"]
[WhiteRD "59"]
[BlackElo "1901"]
[BlackRD "85"]
[GameID "189820"]

1. e4 c5 2. Nf3 d6 3. d3 Nc6 4. g3 Nf6 5. Bg2 g6 6. Bg5 Bg7 7. O-O Bg4 8. h3 Be6 9. Nbd2 Qd7 10. Kh2 h6
11. Bxf6 Bxf6 12. c3 g5 13. b3 g4 14. Ng1 gxh3 15. Nxh3 Bxc3 16. Rc1 Be5 17. Nf3 Bf6 18. Nf4 Bg4 19. Rc4 h5 20. Nd5 Bg7
21. Qd2 Ne5 22. Nxe5 Bxe5 23. Qa5 Qd8 24. Qxd8+ Kxd8 25. f3 Bd7 26. f4 Bd4 27. f5 Bb5 28. Rxd4 cxd4 29. Rc1 Bxd3 30. Nf4 Bb5
31. Bf3 h4 32. g4 Bc6 33. Kh3 Kd7 34. Nh5 f6 35. Kxh4 d3
0-1

[Event "Homenaje al tigre de mdras"]
[Site "SchemingMind.com"]
[Date "2009.02.01"]
[Round "-"]
[White "fouche"]
[Black "mikewharvey"]
[Result "1-0"]
[WhiteCountry "COL"]
[BlackCountry "GBR"]
[WhiteElo "1622"]
[WhiteRD "64"]
[BlackElo "1909"]
[BlackRD "81"]
[GameID "189821"]

1. d4 Nf6 2. c4 g6 3. Nc3 Bg7 4. Nf3 O-O 5. e4 d6 6. Bd3 c5 7. d5 Bg4 8. O-O Nbd7 9. h3 Bxf3 10. Qxf3 Ne5
11. Qe2 Re8 12. f4 Nxd3 13. Qxd3 h6 14. e5 Nd7 15. e6 Nf6 16. exf7+ Kxf7 17. f5 g5 18. Ne4 b6 19. Rb1 Qd7 20. g4 Rh8
21. Rf2 a6 22. Bd2 b5 23. b3 bxc4 24. bxc4 Qa4 25. Rb7 Rhd8 26. Kg2 Rd7 27. Rxd7 Qxd7 28. Nxf6 exf6 29. Re2 Rh8 30. Re6 h5
31. Kg3 Qb7 32. Qe3 h4+ 33. Kg2 Qd7 34. Qb3 Qc7 35. Qa3 Ra8 36. Ba5 Qb8 37. Kf3 Bf8 38. Qa4 Ra7 39. Bc3 Be7 40. Qd1 a5
41. Qa1 Qd8 42. Qb2 Qc7 43. Bxf6 Bxf6 44. Qxf6+ Kg8 45. Qg6+
1-0

[Event "Homenaje al tigre de mdras"]
[Site "SchemingMind.com"]
[Date "2009.01.31"]
[Round "-"]
[White "Clive Everill"]
[Black "mikewharvey"]
[Result "0-1"]
[WhiteCountry "CZE"]
[BlackCountry "GBR"]
[WhiteElo "1682"]
[WhiteRD "51"]
[BlackElo "1900"]
[BlackRD "80"]
[GameID "189822"]

1. e4 Nf6 2. e5 Nd5 3. Qf3 Nb4 4. Qb3 e6 5. Nf3 d5 6. exd6 Bxd6 7. Bc4 O-O 8. d4 N8c6 9. a3 Nd5 10. O-O Nf6
11. Bg5 Be7 12. Rd1 a6 13. Nc3 Na5 14. Qa2 b5 15. Bd3 Bb7 16. Ne5 Nd5 17. Bxe7 Qxe7 18. Ne4 f6 19. Nf3 Nf4 20. Ned2 Bd5
21. c4 bxc4 22. Bxc4 Nxc4 23. Nxc4 f5 24. b3 Bxf3 25. g3 Ne2+ 26. Kf1 Nc3 27. Qd2 Nxd1 28. Rxd1 Bxd1 29. Qxd1 f4 30. Ne5 fxg3
31. hxg3 c5 32. d5 Qd6 33. Qe1 Qxd5 34. Nc4 Qh1+
0-1

[Event "Homenaje al tigre de mdras"]
[Site "SchemingMind.com"]
[Date "2009.01.31"]
[Round "-"]
[White "Joe Daudish"]
[Black "mikewharvey"]
[Result "0-1"]
[WhiteCountry "USA"]
[BlackCountry "GBR"]
[WhiteElo "1698"]
[WhiteRD "45"]
[BlackElo "1861"]
[BlackRD "80"]
[GameID "189823"]

1. d4 Nf6 2. Nf3 g6 3. Bf4 Bg7 4. h3 O-O 5. e3 c5 6. Be2 d6 7. O-O a6 8. c3 Nc6 9. Nbd2 Bf5 10. Re1 Re8
11. Nb3 Ne4 12. Nbd2 Qb6 13. Qc1 cxd4 14. exd4 e5 15. dxe5 Qxf2+ 16. Kh1 dxe5 17. Nxe4 Bxe4 18. Be3 Qg3 19. Rf1 Bxf3 20. Rxf3 Qh4
21. Bg5 Qe4 22. Rf2 Qd5 23. Qe3 Ne7 24. b3 Nf5 25. Qd3 Qc5 26. Rff1 e4 27. Qc4 Ng3+ 28. Kh2 Nxf1+ 29. Bxf1 Qxg5 30. Be2 Be5+
31. Kh1 Qg3
0-1